| 000 | 00414nam a2200145 i 4500 | ||
|---|---|---|---|
| 001 | 23931 | ||
| 003 | ES-MaACL | ||
| 007 | t| | ||
| 008 | 021213s19061909fr ||||1| fre d | ||
| 100 | 1 |
_aAndoyer, Henri. _921502 |
|
| 245 | 1 | 0 |
_aCours d'astronomie / _cHenri Andoyer. |
| 260 |
_aParis : _b[s.n.], _c1906-1909 ( _eSaint-Amand, Cher : _fBussière) |
||
| 300 |
_a2 t. en 1 v. ; _c25 x 16 cm. |
||
| 852 |
_aES-MaACL _jB-483 |
||
| 999 |
_c23931 _d23931 |
||